| 000 | 00747nam a2200301Ia 4500 | ||
|---|---|---|---|
| 008 | 170203s9999 xx 000 0 und d | ||
| 020 | _a0-590379305 | ||
| 050 | _aFic | ||
| 050 | _bB852c | ||
| 100 | _aBridwell, Norman. | ||
| 245 | _aClifford makes a friend / | ||
| 245 | _cNorman Bridwell. | ||
| 260 | _aNew York : | ||
| 260 | _bScholastic, | ||
| 260 | _c1998 | ||
| 300 | _a1 volume (unpaged) : | ||
| 300 | _bcolor illustrations ; | ||
| 300 | _c23 cm. | ||
| 440 | _aHello reader!, | ||
| 440 | _vLevel 1. | ||
| 500 | _a"Cartwheel books." | ||
| 650 | _aDogs -- | ||
| 650 | _aFriendship -- | ||
| 650 | _aImitation -- | ||
| 650 | _xJuvenile fiction. | ||
| 650 | _xJuvenile fiction. | ||
| 650 | _xJuvenile fiction. | ||
| 999 |
_c306591 _d306591 |
||